000 00435nam a2200193Ia 4500
008 151119s9999||||xx |||||||||||||| ||und||
082 _a--
082 _bGKKV20725
100 _aENID BLYTON
245 _aTHE TWINS AT ST.CLARES
260 _a--
260 _b--
260 _c0
600 _aENID BLYTON
630 _aTHE TWINS AT ST.CLARES
700 _aENID BLYTON
730 _aTHE TWINS AT ST.CLARES
942 _cBOOK
999 _c1073592
_d1073589